000 00273nam a22001217a 4500
008 170810b xxu||||| |||| 00| 0 eng d
041 _aeng
080 _a004
100 _a35
101 _aSHKI
245 _aWEB REPORTING ADMINISTRATOR'S GUIDE
_cSEAGATE
942 _2udc
_cBK
999 _c23090
_d23090